Pokémon-Questions difficiles - Statistiques

Statistiques générales
  • Ce quiz a été pris 91 fois
    13 depuis la dernière actualisation
  • Le résultat moyen est 6 sur 20
Statistiques - réponses
Question Réponse % Correct
Combien de routes finissent par une impasseen comptant l'ensemble des routes des jeux de la série principale ? 4
82%
Combien d'Electrode Peter et le Joueur sechargent-ils de désactiver le signal dans le Repaire Rocket d'Acajou ? 6
82%
De quoi parle l'émission qui ouvrel'aventure dans Pokémon Platine? Du Léviator Rouge du LacColère
55%
Quel type utilisait Jasmine avant l'apparition dutype Acier? Le type Roche
55%
Combien y-a-t-il de statues de Rhinoférosdans la grande salle souterraine des Ruines d'Alpha? 26
45%
Qu'apporterait Absol, raison pour laquelleil est craint par les humains? Des catastrophes naturelles
45%
À partir de quelle génération le Sac a euplusieurs poches dans les jeux? La deuxième génération
36%
Quel Pokémon est le premier à apparaître dansPokémon Platine, aux côtés de Professeur Sorbier pendant sa présentation? Laporeille
36%
Comment s'appelle le Chuchmurpartenaire d'Amaryllis? Marie-Lise
36%
Quel objet de Max, le Boss de la Team Magma,lui sert à faire Méga-Evoluer son Camerupt en plus de la Caméruptite? Ses lunettes
27%
Qu'enlève Type:O en évoluant? Son masque
27%
Sur quelle île fut créé Mewtwo? Cramois'IIle
18%
Quels sont les Deux Dresseurs que l'on affronteavec notre Rival en arrivant à la Zone de Combat dans Pokémon Platine, lors d'un Combat Multi? Tanguy et Adrien
18%
Comment s'appelle le Maître de laLigue Orange dans l'anime ? Didier
9%
Comment s'appelle le dirigeable dirigé parFriede et Capitaine Pikachu dans Pokémon Les Horizons? Le Brave d'Oliville
9%
Quel est le nom complet de N? Natural Harmonia Gropius
9%
Que ne possèdent pas Johtoet Kalos qu'ont les autres régions? Un cimetière
9%
Que dirige Mohn, le père de Lilieet Gladio? Le Poké Loisir
0%
Devant quoi Iris nous attendant-t-elleaprès lui avoir parlé pour la 1ère fois dans Noir & Blanc 2 ? Les Egouts de Volucité
0%
Quel est le seul moment où Darkrai peut provoquer des cauchemars car il ne contrôle pas tous ses pouvoirs ? Lors des nuits de nouvelle lune
0%
Aucun quiz correspondant
Distribution des résultats
% des personnes avec chaque résultat
Percentile par nombre de réponses
Votre historique - résultats
Vous n’avez pas pris ce quiz depuis la dernière actualisation